| 000 | 00813nam a2200265 4500 | ||
|---|---|---|---|
| 005 | 20250929072918.0 | ||
| 020 |
_a9788119868377 _cTZS 29,689/= |
||
| 040 |
_aMUL _beng. _eAACR2 |
||
| 082 | _a342.06 TAK | ||
| 100 | _aTAKWANI, C.K. (Author) | ||
| 245 |
_aLectures on administrative law _c/C. K. Takwani, M. C. Thakker and foreword by D. A. Desai |
||
| 250 | _a8th ed. | ||
| 260 |
_aNew Delhi: _bEastern Book Company, _cc 2024. |
||
| 300 |
_alxiv,536 p.: _c25 cm. |
||
| 504 | _aIncludes references and index p. 512 - 536 | ||
| 546 | _aeng. | ||
| 650 | _aAdministrative law | ||
| 650 | _aDelegated legislation | ||
| 650 | _aNatural justice | ||
| 650 | _aAdministrative tribunals | ||
| 700 |
_aTHAKKER, C.K _c(Author) |
||
| 700 |
_aTHAKKER, M.C _c(Author) |
||
| 700 |
_aDESAI, D.A _c(Author) |
||
| 942 | _cBK | ||
| 999 |
_c11332 _d11332 |
||